| 000 | 01707nam0a2200397 4500 | ||
|---|---|---|---|
| 001 | RU\NLR\BIBL_A\011780763 | ||
| 005 | 20180914141656.0 | ||
| 010 |
_a978-5-4236-0398-4 _91600 |
||
| 021 |
_aRU _bКН-П-18-055591 _9КН-П-18-4009 |
||
| 035 | _a(NLR Aleph) 011780763 | ||
| 035 | _a(RuMoRGB)009699754 | ||
| 090 |
_a11775460 _c11775460 |
||
| 100 | _a20180903d2018 u y0rusy50 ca | ||
| 101 | 0 | _arus | |
| 102 | _aRU | ||
| 105 | _a |||z|||000zy | ||
| 200 | 1 |
_aПреемственность Священных Писаний _eтворец. Мироздание. Человек _eэволюция - случайность или Божий закон? (современный взгляд) _fГ.С. Гасанов |
|
| 210 |
_aМосква _aСанкт-Петербург _cДиля _d2018 |
||
| 215 |
_a574, [1] с. _cил., табл. _d24 |
||
| 320 | _aБиблиогр.: с. 568-570 (36 назв.) | ||
| 333 | _a16+ | ||
| 500 | 1 | 0 |
_7ca _aБиблия _92631014 _3RU\NLR\AUTH\553047 |
| 606 | 1 |
_aЕстествознание и религия _91141658 _3RU\NLR\AUTH\66136048 |
|
| 606 | 1 |
_aМироздание _xРелигиозная концепция _92187611 _3RU\NLR\AUTH\6601551214 |
|
| 606 | 1 |
_aСвященные книги _xТолкование _92353551 _3RU\NLR\AUTH\661405944 |
|
| 606 | 1 |
_aЭволюция (биол.) _xКонцепции _92470170 _3RU\NLR\AUTH\661467171 |
|
| 686 | 1 | _aЭ212.4:Е | |
| 686 | 1 | _aЭ242.21 | |
| 686 | 1 | _aЭ22,0 | |
| 686 | 1 | _aЕ02в43 | |
| 700 | 1 |
_aГасанов _bГ. С. _gГасан Сулейманович |
|
| 942 | _cBOOK | ||
| 980 | _aNBR | ||
| 980 | _aNB | ||